| 000 | 01009nas a2200325 4500 | ||
|---|---|---|---|
| 001 | BR0501677 | ||
| 003 | BR-BrBNA | ||
| 005 | 20231205105254.0 | ||
| 007 | ta | ||
| 008 | 230509b bl.|||p| |||| 00| 00por d | ||
| 040 |
_aBR-BrBNA _bpor _cBiblioteca Nacional de Agricultura |
||
| 041 | _a(Pt) | ||
| 072 | _aF30 | ||
| 100 | 1 | _aAbreu, F.B. | |
| 100 | 1 | _aLeal, N.R. | |
| 100 | 1 | _aRodrigues, R. | |
| 100 | 1 | _aAmaral Júnior, A.T. do | |
| 100 | 1 | _aSilva, D.J.H. da | |
| 245 | 1 | _aDivergência genética entre acessos de feijão-de-vagem de hábito de crescimento indeterminado | |
| 650 | _aFEIJÃO TREPADOR | ||
| 650 | _aPHASEOLUS COCCINEUS | ||
| 650 | _aSELEÇÃO GENÉTICA | ||
| 650 | _aCRESICMENTO | ||
| 650 | _aMÉTODO ESTATÍSTICO | ||
| 650 | _aMELHORAMENTO GENÉTICO VEGETAL | ||
| 650 | _aRIO DE JANEIRO | ||
| 773 | 0 |
_tHorticultura Brasileira (Brazil) _xISSN 0102-0536 _g(Jul-Sep 2004), v. 22(3) p. 547-552 _wBR0501677 |
|
| 909 |
_a202311 _bLúcia _c55 _dLúcia Elande |
||
| 942 |
_2AGRIS _n0 _cANA |
||
| 999 |
_c182123 _d182123 |
||